| 000 | 01152cad a22002535a 4500 | ||
|---|---|---|---|
| 001 | L155327 | ||
| 008 | 120320s2012 xxk 000 0 eng d | ||
| 035 | _a(Sirsi) u155327 | ||
| 041 | 0 | _aeng | |
| 110 | 2 |
_aCushman & Wakefield _95888 |
|
| 245 | 0 | 0 |
_aMarketbeat office overview Americas _bQ4 2011 _h[electronic resource] |
| 260 |
_aNew York _bCushman & Wakefield _c2012 |
||
| 490 | 0 |
_aCushman & Wakefield Marketbeat Office Overview Americas _vQ4 2011 |
|
| 520 | _aOutlines the key trends in the US, Brazilian, Mexican, and Canadian office markets in Q4 2011 and provides an outlook for the office sector in the US, South America, Mexico, and Canada. Charts and tables cover the CBD overall vacancy rates in 15 regional cities, CBD rental change % by country, eight cities with highest construction to stock ratio, and CBD office market cycle. | ||
| 590 | _aKA | ||
| 651 | 4 | _aUnited States | |
| 651 | 4 | _aCanada | |
| 651 | 4 | _aMexico | |
| 651 | 4 | _aBrazil | |
| 651 | 4 | _aColumbia | |
| 690 |
_aCommercial property _96227 |
||
| 856 | 4 | 0 |
_uhttps://www.cushwake.com/cwmbs4q11/PDF/off_americas_4q11.pdf _zView the report at www.cushwake.com |
| 942 | _n0 | ||
| 999 |
_c83856 _d83856 |
||